| 000 | 01617cam a22004334i 4500 | ||
|---|---|---|---|
| 003 | PE-LiUPU | ||
| 005 | 20250731172959.0 | ||
| 008 | 150623s r 000 0 d | ||
| 020 | _a0819197068 | ||
| 035 | _a(Sirsi) i9780819197061 | ||
| 040 |
_aPE-LiUPU _bspa _cPE-LiUPU _erda |
||
| 049 | _aPRUA | ||
| 082 | 0 | 4 |
_a246.72 _bS478r _223 |
| 100 | 1 |
_aSennett, Herbert, _eautor. |
|
| 245 | 1 | 0 |
_aReligion and dramatics : _bthe relationship between christianity and the theater arts / _cHerbert Sennett. |
| 264 | 1 |
_aLanham, Maryland : _bUniversity Press of America, _c1995. |
|
| 300 |
_a147 páginas ; _c21.5 centímetros. |
||
| 336 |
_atext _2rdacontent |
||
| 337 |
_aunmediated _2rdamedia |
||
| 338 |
_avolume _2rdacarrier |
||
| 504 | _aIncluye bibliografía. | ||
| 505 | 0 | _aAn introduction to religious drama. -A short history of religious drama. -Dynamics of relious drama. -A theology of religious drama. -Dramatic productions by the church. -Drama in the worship setting. -Drama and the art of preaching. -Dramatics in church ministries. - Thechurch and the theater world. -The state of the theater today. | |
| 526 | _aSEG42 | ||
| 526 | _aSEG41 | ||
| 526 | _aSEG40 | ||
| 526 | _aSEG39 | ||
| 526 | _aP94 | ||
| 526 | _aP87 | ||
| 526 | _aP86 | ||
| 526 | _aP85 | ||
| 526 | _aP77 | ||
| 526 | _aP76 | ||
| 526 | _aP35 | ||
| 650 | 0 |
_aDrama cristiano _92324 |
|
| 942 |
_2ddc _cBK _n0 |
||
| 949 |
_a246.7 S478r _wDEWEY _c1 _i45475 _lCCODEBUL1 _mBUL _r0 _sY _tBOOK _u2015-6-24 _xTEOLOGIA _0COMPRA _o.STAFF. Colección General |
||
| 980 |
_81 _gALBERTO SANCHEZ Responsable de Automatización |
||
| 999 |
_c22338 _d22338 |
||